00716nam a22002057a 450000500170000001000150001702000250003203500130005703700130007008200080008310000200009124500740011126000350018527000610022030000280028170000310030994200220034099900170036295201310037920100813112130.0 aENG-100139 a9788128824531c95.00 aEN-83671 bDBAD/PUB a811 aKalidas'912367 aAbhigyan shakuntalam /cby Kalidas ; translated by Sanjay Shrivastava aNew DelhibDiamond Booksc2010 aX-30, Okhla Industrial Area, Phase-IIbNew Delhie110003 axiii, 142p.c21cm (pbk) aShrivastava, Sanjay912368 2ddccENh811mKAL c41529d41529 001040718NFICaDBADbDBADd2010-08-13eDBAD/PUBg95.00l0o811 KALpEN-83671r2010-08-13 00:00:00t1v95.00w2010-08-13yEN